| 000 | 02012nam2a2200361 4500 | ||
|---|---|---|---|
| 001 | RU\NLR\bibl\131644 | ||
| 005 | 20260407155844.0 | ||
| 010 |
_a5-230-10597-6 _9150 |
||
| 021 |
_aRU _b2000-17853п _9651п |
||
| 035 | _a(NLR Aleph) 000128946 | ||
| 090 |
_a735984 _c735984 |
||
| 100 | _a20001204d1999 |||y0rusy50 ca | ||
| 101 | 0 |
_arus _deng |
|
| 102 | _aRU | ||
| 105 | _aa ||||||||| | ||
| 200 | 0 | _aВып. 2 | |
| 210 |
_d1999 _aБ. м. |
||
| 215 | _a75 с. | ||
| 320 | _aБиблиогр. в конце докл. | ||
| 461 | 0 |
_1001RU\NLR\bibl\136920 _12001#$aСборник докладов молодых ученых на ежегодной научной конференции Санкт-Петербургской лесотехнической академии$vВып. 2 _9766506 _aСанкт-Петербургская государственная лесотехническая академия им. С. М. Кирова. Научная конференция молодых ученых _cСПб. _d1999 _fМ-во образования Рос. Федерации, С.-Петерб. гос. лесотехн. акад. _nСПбЛТА _tСборник докладов молодых ученых на ежегодной научной конференции Санкт-Петербургской лесотехнической академии _vВып. 2 |
|
| 610 | 0 | _aЛесной комплекс | |
| 675 |
_a630(470.23)(082) _v3 _zrus |
||
| 686 |
_a68.47 _2rugasnti |
||
| 686 |
_a43 _2rubbk |
||
| 686 | _aУ34(2)1(2Р)я431 | ||
| 711 | 0 | 2 |
_aСанкт-Петербургская государственная лесотехническая академия им. С. М. Кирова _bНаучная конференция молодых ученых _f1999 _3RU\NLR\AUTH\8810097322 _9695746 |
| 801 | 0 |
_aRU _bRKP _c20001204 _gPSBO |
|
| 801 | 1 |
_aRU _bRKP _c20001204 |
|
| 801 | 2 |
_aRU _bNLR _c20130121 _grcr |
|
| 852 |
_aNLR _j2001-4/830 |
||
| 942 | _cBOOK | ||
| 980 | _aNB | ||